Golden Age of... - Statistics

General Stats
  • This quiz has been taken 19 times
  • The average score is 5 of 13
Answer Stats
Years Clue Answer % Correct
8th century - 13th century Religion Islamic Golden Age
95%
1492 - 1681 Country Spanish Golden Age
74%
1920s - 1960s Cinema Golden Age of Hollywood
68%
1920s - 1940s Media Golden Age of Radio
63%
1945 - 1970 Economic system Golden Age of Capitalism
58%
1947 - 1960 Media Golden Age of Television
58%
1871 - 1914 Country Belle Époque
42%
1850 - 1900 Confectionary Golden Age of Chocolate
37%
1890 - 1914 Sport Golden Age of Cricket
21%
1650 - 1730 Maritime Golden Age of Piracy
16%
1938 - 1946 Literature Golden Age of Science Fiction
11%
1990s Cinema Golden Age of Romcoms
5%
Around 1938 - 1945 Literature Golden Age of Comic Books
0%
No matching quizzes found
Score Distribution
Percent of People with Each Score
Percentile by Number Answered
Your Score History
You have not taken this quiz